Swarozgar yojana: old wine, new cocktail (Record no. 49903)

000 -LEADER
fixed length control field 00834pab a2200181 454500
008 - FIXED-LENGTH DATA ELEMENTS--GENERAL INFORMATION
fixed length control field 180718b2001 xxu||||| |||| 00| 0 eng d
100 ## - MAIN ENTRY--PERSONAL NAME
Personal name Panth, Ananth S.
245 ## - TITLE STATEMENT
Title Swarozgar yojana: old wine, new cocktail
260 ## - PUBLICATION, DISTRIBUTION, ETC.
Date of publication, distribution, etc. 2001
300 ## - PHYSICAL DESCRIPTION
Extent p.3430-431
362 ## - DATES OF PUBLICATION AND/OR SEQUENTIAL DESIGNATION
Dates of publication and/or sequential designation 8 Sep
520 ## - SUMMARY, ETC.
Summary, etc. The Swarnajayanthi Grama Swarozgar Yojana introduced two years ago combines many of the features of the earlier poverty alleviation programmes, with the important distinction that it aims at eliminating poverty through self-help and entrepreneurship development and not just income generation. It can work well only with a great deal of more groundwork than has been done so far. - Reproduced
650 ## - SUBJECT ADDED ENTRY--TOPICAL TERM
Topical term or geographic name entry element Swarozgar yojana
650 ## - SUBJECT ADDED ENTRY--TOPICAL TERM
Topical term or geographic name entry element Poverty - India
650 ## - SUBJECT ADDED ENTRY--TOPICAL TERM
Topical term or geographic name entry element Poverty
773 ## - HOST ITEM ENTRY
Main entry heading Economic and Political Weekly
909 ## -
-- 49903
Holdings
Withdrawn status Lost status Damaged status Not for loan Permanent Location Current Location Date acquired Serial Enumeration / chronology Barcode Date last seen Price effective from Koha item type
        Indian Institute of Public Administration Indian Institute of Public Administration 2018-07-19 Volume no: 36, Issue no: 36 AR50331 2018-07-19 2018-07-19 Articles

Powered by Koha